000 01391nam a2200349Ia 4500
001 ebr10335307
003 CaPaEBR
006 m u
007 cr cn|||||||||
008 090528s2009 paua sb 001 0 eng d
010 _z 2009022033
020 _z9789027208194 (hb : alk. paper)
040 _aCaPaEBR
_cCaPaEBR
035 _a(OCoLC)712986134
050 1 4 _aPN1042
_b.T69 2009eb
082 0 4 _a808.1
_222
245 0 0 _aTowards a typology of poetic forms
_h[electronic resource] :
_bfrom language to metrics and beyond /
_cedited by Jean-Louis Aroui, Andy Arleo.
260 _aPhiladelphia, PA ;
_aAmsterdam :
_bJohn Benjamins Pub. Company,
_cc2009.
300 _axiv, 428 p. :
_bill.
490 1 _aLanguage faculty and beyond ;
_v2
504 _aIncludes bibliographical references and index.
533 _aElectronic reproduction.
_bPalo Alto, Calif. :
_cebrary,
_d2011.
_nAvailable via World Wide Web.
_nAccess may be limited to ebrary affiliated libraries.
650 0 _aPoetics.
650 0 _aVersification.
650 0 _aTypology (Linguistics)
655 7 _aElectronic books.
_2local
700 1 _aAroui, Jean-Louis.
700 1 _aArleo, A.
_q(Andy)
710 2 _aebrary, Inc.
830 0 _aLanguage faculty and beyond ;
_v2.
856 4 0 _uhttp://site.ebrary.com/lib/rucke/Doc?id=10335307
_zAn electronic book accessible through the World Wide Web; click to view
999 _c72550
_d72550